00882cam a2200241 a 450000100100000000500170001000800410002702000150006804000250008308200190010810000480012724500650017525000110024026000330025130000210028449000420030558600350034765000280038265000420041083000510045295201220050399900150062500000789620200929154336.0780601s1968 sp 000 f spa  a8432051527 aDO-SdBNPcspadBNPHU a863.64bL614u,1 aLera, Ángel María de,d1912-198492167614aLas últimas banderas :bnovela /cÁngel María de Lera. a5a ed. aBarcelona :bPlaneta,c1968. a409 p. ;c20 cm.1 aAutores Españoles Hispanoamericanos aPremio editorial planeta, 1967 4aNovela española91123 4aLiteratura españolaySIGLO XX93326 0aAutores Españoles Hispanoamericanas ;921677 001052708MOaGRbGRcCTd2009-09-11iLF1l0o863.64 L614u,p7896-10r2020-06-25w2020-06-25y2ZPréstamo interno c7674d7674